Learning Python (Record no. 887)
[ view plain ]
| 000 -LEADER | |
|---|---|
| fixed length control field | 00422nam a2200169Ia 4500 |
| 008 - FIXED-LENGTH DATA ELEMENTS--GENERAL INFORMATION | |
| fixed length control field | 130318s9999 xx 000 0 und d |
| 020 ## - INTERNATIONAL STANDARD BOOK NUMBER | |
| International Standard Book Number | 8173667381 |
| 082 ## - DEWEY DECIMAL CLASSIFICATION NUMBER | |
| Classification number | 005.133P LUT/L |
| 100 ## - MAIN ENTRY--PERSONAL NAME | |
| Personal name | Lutz, Mark |
| 245 ## - TITLE STATEMENT | |
| Title | Learning Python |
| 250 ## - EDITION STATEMENT | |
| Edition statement | 2 |
| 260 ## - PUBLICATION, DISTRIBUTION, ETC. | |
| Name of publisher, distributor, etc. | Oreilly/Shroff Publishers and Distributors |
| Place of publication, distribution, etc. | Mumbai |
| Date of publication, distribution, etc. | 2004 |
| 300 ## - PHYSICAL DESCRIPTION | |
| Extent | 591 |
| 650 ## - SUBJECT ADDED ENTRY--TOPICAL TERM | |
| Topical term or geographic name entry element | PROGRAMMING LANGUAGE |
| 650 ## - SUBJECT ADDED ENTRY--TOPICAL TERM | |
| Topical term or geographic name entry element | PYTHON |
| 700 ## - ADDED ENTRY--PERSONAL NAME | |
| Personal name | Ascher, David |
| Withdrawn status | Lost status | Damaged status | Not for loan | Home library | Current library | Shelving location | Date acquired | Cost, normal purchase price | Total Checkouts | Total Renewals | Full call number | Barcode | Date last seen | Date last checked out | Price effective from | Koha item type |
|---|---|---|---|---|---|---|---|---|---|---|---|---|---|---|---|---|
| Kerala University of Digital Sciences, Innovation and Technology Knowledge Centre | Kerala University of Digital Sciences, Innovation and Technology Knowledge Centre | Computer Science | 18/03/2013 | 446.00 | 19 | 1 | 005.133P LUT/L | 894 | 19/12/2023 | 04/12/2022 | 18/03/2013 | Books |